|
|
|
|
| LEADER |
01085nam a2200253 a 4500 |
| 001 |
3382840 |
| 008 |
090512s1989 cou b 001 0 eng d |
| 010 |
|
|
|a \\\88017376
|
| 020 |
|
|
|a 081337667X (alk. paper)
|
| 040 |
|
|
|a DLC
|c DLC
|d DLC
|
| 082 |
0 |
0 |
|a 630
|2 19
|
| 245 |
0 |
0 |
|a Biotechnology and the new agricultural revolution /
|c edited by Joseph J. Molnar and Henry Kinnucan.
|
| 260 |
|
|
|a Boulder, Colo. :
|b Westview Press for the American Association for the Advancement of Science, Washington, D.C.,
|c 1989.
|
| 300 |
|
|
|a xv, 288 p. ;
|c 23 cm.
|
| 490 |
1 |
|
|a AAAS selected symposium ;
|v 108
|
| 504 |
|
|
|a Includes bibliographies and indexes.
|
| 541 |
1 |
|
|e 00004298
|
| 650 |
|
0 |
|a Agricultural biotechnology.
|
| 650 |
|
0 |
|a Agricultural innovations.
|
| 700 |
1 |
|
|a Molnar, Joseph J.
|
| 700 |
1 |
|
|a Kinnucan, Henry W.
|
| 852 |
4 |
|
|a Ayesha Abed Library
|j Generalshelf
|
| 999 |
|
|
|c 618
|d 618
|
| 952 |
|
|
|0 0
|1 0
|2 ddc
|4 0
|6 630_BIO_198900000000000
|7 0
|8 NFIC
|9 568
|a BRACUL
|b BRACUL
|c GEN
|d 2009-05-12
|g 0.00
|l 2
|m 6
|o 630 BIO
|p 3010004298
|r 2010-09-20
|s 2010-05-19
|t 1
|w 2009-05-12
|y BK
|x No price found in the accession register.
|